All 10k+ Cities in Suriname - Statistics

General Stats
  • This quiz has been taken 77 times
  • The average score is 5 of 10
Answers on the Map
Answers color-coded by a green-red scale on the quiz's map according to % correct below.
 
Answer Stats
Population Answer % Correct
240,924 Paramaribo
100%
18,663 Lelydorp
65%
12,818 Nieuw Nickerie
65%
10,834 Moengo
50%
12,405 Meerzorg
35%
26,161 De Nieuwe Grond
31%
27,713 Koewarasan
31%
10,217 Saramacca Polder
27%
15,656 Houttuin
23%
14,151 Kwatta
23%
No matching quizzes found
Score Distribution
Percent of People with Each Score
Percentile by Number Answered
Your Score History
You have not taken this quiz